<?xml version="1.0" encoding="UTF-8"?><?xml-stylesheet type="text/xsl" href="static/style.xsl"?><OAI-PMH xmlns="http://www.openarchives.org/OAI/2.0/" xmlns:xsi="http://www.w3.org/2001/XMLSchema-instance" xsi:schemaLocation="http://www.openarchives.org/OAI/2.0/ http://www.openarchives.org/OAI/2.0/OAI-PMH.xsd"><responseDate>2026-06-02T16:38:24Z</responseDate><request verb="GetRecord" identifier="oai:riuma.uma.es:10630/7591" metadataPrefix="marc">https://riuma.uma.es/rest/oai/request</request><GetRecord><record><header><identifier>oai:riuma.uma.es:10630/7591</identifier><datestamp>2026-02-03T10:45:31Z</datestamp><setSpec>com_10630_2499</setSpec><setSpec>com_10630_598</setSpec><setSpec>col_10630_2500</setSpec></header><metadata><record xmlns="http://www.loc.gov/MARC21/slim" xmlns:dcterms="http://purl.org/dc/terms/" xmlns:doc="http://www.lyncode.com/xoai" xmlns:xsi="http://www.w3.org/2001/XMLSchema-instance" xsi:schemaLocation="http://www.loc.gov/MARC21/slim http://www.loc.gov/standards/marcxml/schema/MARC21slim.xsd">
   <leader>00925njm 22002777a 4500</leader>
   <datafield ind2=" " ind1=" " tag="042">
      <subfield code="a">dc</subfield>
   </datafield>
   <datafield ind2=" " ind1=" " tag="720">
      <subfield code="a">Fornovi Rodríguez, Belén</subfield>
      <subfield code="e">author</subfield>
   </datafield>
   <datafield ind2=" " ind1=" " tag="720">
      <subfield code="a">Pérez-Agudo, María del Carmen</subfield>
      <subfield code="e">author</subfield>
   </datafield>
   <datafield ind2=" " ind1=" " tag="720">
      <subfield code="a">Franco Barroso, María del Carmen</subfield>
      <subfield code="e">author</subfield>
   </datafield>
   <datafield ind2=" " ind1=" " tag="720">
      <subfield code="a">Guzmán Pérez, Catalina</subfield>
      <subfield code="e">author</subfield>
   </datafield>
   <datafield ind2=" " ind1=" " tag="720">
      <subfield code="a">Bellver Moreira, Sonia</subfield>
      <subfield code="e">author</subfield>
   </datafield>
   <datafield ind2=" " ind1=" " tag="720">
      <subfield code="a">Pérez Arco, María del Carmen</subfield>
      <subfield code="e">author</subfield>
   </datafield>
   <datafield ind2=" " ind1=" " tag="720">
      <subfield code="a">Gestido del Olmo, Rosario</subfield>
      <subfield code="e">author</subfield>
   </datafield>
   <datafield ind2=" " ind1=" " tag="720">
      <subfield code="a">Cámara Aroca, Mercedes</subfield>
      <subfield code="e">author</subfield>
   </datafield>
   <datafield ind2=" " ind1=" " tag="720">
      <subfield code="a">García Casanova, Miguel</subfield>
      <subfield code="e">author</subfield>
   </datafield>
   <datafield ind2=" " ind1=" " tag="720">
      <subfield code="a">Lara-Díaz, Isabel</subfield>
      <subfield code="e">author</subfield>
   </datafield>
   <datafield ind2=" " ind1=" " tag="720">
      <subfield code="a">Otero Martínez, Ángeles</subfield>
      <subfield code="e">author</subfield>
   </datafield>
   <datafield ind2=" " ind1=" " tag="720">
      <subfield code="a">Pascual del Pobil Valdenebro, Almudena</subfield>
      <subfield code="e">author</subfield>
   </datafield>
   <datafield ind2=" " ind1=" " tag="720">
      <subfield code="a">Fernández-Cordero, Rocío</subfield>
      <subfield code="e">author</subfield>
   </datafield>
   <datafield ind2=" " ind1=" " tag="720">
      <subfield code="a">Martínez López, Enrique</subfield>
      <subfield code="e">author</subfield>
   </datafield>
   <datafield ind2=" " ind1=" " tag="720">
      <subfield code="a">Pozo-Redondo, Felipe del</subfield>
      <subfield code="e">author</subfield>
   </datafield>
   <datafield ind2=" " ind1=" " tag="720">
      <subfield code="a">Consorcio de Bibliotecas Universitarias de Andalucía. Grupo de Trabajo de Recursos Electrónicos</subfield>
      <subfield code="e">author</subfield>
   </datafield>
   <datafield ind2=" " ind1=" " tag="260">
      <subfield code="c">2006</subfield>
   </datafield>
   <datafield ind2=" " ind1=" " tag="520">
      <subfield code="a">En la actualidad es difícil encontrar bibliotecas digitales nacidas bajo este concepto. La denominación representa más bien la evolución de las bibliotecas tradicionales, sobre todo universitarias, hacia un entorno en que la proliferación de recursos electrónicos en lo últimos años ha cambiado no sólo el concepto de biblioteca sino el mismo concepto de investigación, de estudio y por tanto de trabajo. Bajo esta premisa, en que señalamos recursos electrónicos como origen de bibliotecas digitales, son los consorcios bibliotecarios los que han contribuido de forma extraordinaria y definitiva a su desarrollo. La vieja idea de cooperación se ha materializado en ellos no sólo en la disposición de recursos propios sino que ha encontrado su máxima expresión en el entorno consorciado en que la adquisición y gestión compartidas han sido necesarias para dar respuesta a las necesidades que impone la proliferación de recursos electrónicos en las nuevas bibliotecas digitales. Claro ejemplo de esta afirmación, de estas nuevas formas de organización lo constituye el recientemente creado Grupo de Trabajo de Recursos Electrónicos del Consorcio de Bibliotecas Universitarias Andaluzas (CBUA), cuyo proyecto de cooperación y gestión contribuye a facilitar el acceso a la colección digital en el ámbito universitario andaluz. Se presenta el trabajo realizado hasta la fecha por el Grupo, así como las perspectivas de futuro. Se exponen la metodología de trabajo empleada, las líneas de actuación, las acciones realizadas, las herramientas utilizadas para optimizar la calidad en el acceso y difusión de los recursos de los que disponemos. Palabras clave: bibliotecas universitarias, bibliotecas digitales, gestión de recursos electrónicos, consorcios de bibliotecas, cooperación bibliotecaria.</subfield>
   </datafield>
   <datafield ind1="8" ind2=" " tag="024">
      <subfield code="a">Comunicación presentada al 4º Simposium Internacional de Bibliotecas Digitales: Información digital al servicio de la sociedad. Málaga, 21-23 Junio 2006</subfield>
   </datafield>
   <datafield ind1="8" ind2=" " tag="024">
      <subfield code="a">http://hdl.handle.net/10630/7591</subfield>
   </datafield>
   <datafield tag="653" ind2=" " ind1=" ">
      <subfield code="a">Consorcio de Bibliotecas Universitarias Andaluzas</subfield>
   </datafield>
   <datafield tag="653" ind2=" " ind1=" ">
      <subfield code="a">Cooperación interbibliotecaria</subfield>
   </datafield>
   <datafield tag="653" ind2=" " ind1=" ">
      <subfield code="a">Recursos de información electrónicos</subfield>
   </datafield>
   <datafield ind2="0" ind1="0" tag="245">
      <subfield code="a">Gestión de recursos electrónicos en el Consorcio de Bibliotecas Universitarias Andaluzas. Una experiencia de cooperación bibliotecaria en entornos digitales</subfield>
   </datafield>
</record>
</metadata></record></GetRecord></OAI-PMH>